[Event "Bundesliga 9697"]
[Site "Germany"]
[Date "1997.??.??"]
[Round "?.6"]
[White "Stangl, Markus"]
[Black "Mueller, Mat"]
[Result "1-0"]
[WhiteElo "2540"]
[BlackElo "2375"]

1.Nf3 d5 2.g3 Nf6 3.Bg2 e6 4.O-O Be7 5.d4 O-O 6.c4 Nbd7 7.Qc2 c6 8.Rd1 b6
9.b3 Bb7 10.Nc3 Rc8 11.e4 c5 12.exd5 exd5 13.Qf5 g6 14.Qh3 dxc4 15.d5 Re8
16.bxc4 Bf8 17.Bg5 Ba6 18.Qh4 h6 19.Bxh6 Bxh6 20.Qxh6 Bxc4 21.Bh3 Qe7 22.Ng5 Qf8
23.Qh4  1-0

[Event "Bundesliga 9697"]
[Site "Germany"]
[Date "1997.??.??"]
[Round "?.6"]
[White "Troyke, Christian"]
[Black "Loeffler, Stefan"]
[Result "1/2-1/2"]
[WhiteElo "2380"]
[BlackElo "2410"]

1.g3 d5 2.Nf3 c5 3.Bg2 Nc6 4.O-O e5 5.d3 Nf6 6.Bg5 Be6 7.Nfd2 Be7 8.e4 d4
9.f4 O-O 10.a4 Ne8 11.Bxe7 Qxe7 12.f5 Bd7 13.Na3 Na5 14.b3 Kh8 15.Qe1 Rb8
16.Nf3 b6 17.g4 g5 18.h4 h6 19.hxg5 hxg5 20.f6 Nxf6 21.Qg3 Nxg4 22.Bh3 Ne3
23.Bxd7 Qxd7 24.Nxe5 Qe6 25.Rf2 f6 26.Ng6+ Kg7 27.Nxf8 Rxf8 28.Nb5 Nc6 29.Nd6 Ne5
30.Nf5+ Nxf5 31.Rxf5 Rh8 32.Kf2 Rh2+ 33.Qxh2 Ng4+ 34.Kg1 Nxh2 35.Kxh2 Qe8
36.Raf1 Qh5+ 37.Kg2 Qe2+ 38.R5f2 Qg4+ 39.Kh1 Qh3+ 40.Kg1 g4 41.Rxf6 Qg3+  1/2-1/2

[Event "Bundesliga 9697"]
[Site "Germany"]
[Date "1997.??.??"]
[Round "?.7"]
[White "Backwinkel, Paul"]
[Black "Hermann, Manfred"]
[Result "1/2-1/2"]
[WhiteElo "2400"]
[BlackElo "2370"]

1.Nf3 d5 2.g3 Nf6 3.Bg2 e6 4.O-O Be7 5.d3 O-O 6.c3 c5 7.a3 b6 8.b4 Bb7 9.Bb2 Nbd7
10.Nbd2 Qc7 11.Re1 Rfd8 12.b5 a6 13.bxa6 Rxa6 14.Qc2 Rda8 15.c4 d4 16.e4 dxe3  1/2-1/2

[Event "BL2-O9697"]
[Site "Germany"]
[Date "1997.??.??"]
[Round "?.2"]
[White "Siepelt, Heiner"]
[Black "Hackel, Mario"]
[Result "1/2-1/2"]
[WhiteElo "2340"]
[BlackElo "2320"]

1.g3 d5 2.Nf3 Nf6 3.Bg2 c6 4.O-O Bg4 5.d3 Nbd7 6.Nbd2 e5 7.h3 Bh5 8.e4 Qc7
9.Qe1 dxe4 10.dxe4 Nc5 11.Nc4 Bxf3 12.Bxf3 b5 13.Ne3 a5 14.Nf5 g6 15.Nh6 Ne6
16.h4 Be7 17.a4 Nd7 18.Bd2 b4 19.Bd1 Nb6 20.c3 Nc5 21.Qe2 b3 22.Be3 Nbd7
23.Qc4 Rf8 24.Bxc5 Nxc5 25.Be2 Bd6 26.Rfd1 Qe7 27.Rd2 O-O-O 28.Rad1 f6 29.Kg2 Bc7
30.Rxd8+ Bxd8 31.Rd2 Bb6 32.Bg4+ Kc7  1/2-1/2

[Event "BL2-O9697"]
[Site "Germany"]
[Date "1997.??.??"]
[Round "?.2"]
[White "Roesch, Arnd"]
[Black "Roth, Norbert"]
[Result "1-0"]
[WhiteElo "2345"]
[BlackElo "2285"]

1.g3 d5 2.Nf3 c5 3.Bg2 Nc6 4.d4 Nf6 5.O-O e6 6.b3 Be7 7.Bb2 O-O 8.Nbd2 a5
9.c4 b6 10.cxd5 exd5 11.Ne5 Nxe5 12.dxe5 Ne8 13.Nc4 Be6 14.Ne3 Nc7 15.f4 f5
16.exf6 Bxf6 17.Bxf6 Rxf6 18.Qd3 Rb8 19.Nxd5 Bxd5 20.Rad1 Rd6 21.e4 Bxb3
22.Qxb3+ Kh8 23.Rxd6 Qxd6 24.Rd1 Qe7 25.e5 b5 26.Qd3 Ne6 27.Qd6 Qe8 28.Bc6 Qg8
29.Bd5 Rd8 30.Qe7 Re8 31.Bxe6 Rxe7 32.Bxg8 Kxg8 33.Rd8+ Kf7 34.Rb8 b4 35.Rc8 Rd7
36.Rxc5 Rd1+ 37.Kf2 Rd2+ 38.Ke3 Rxa2 39.Rb5 Ra3+ 40.Ke4 b3 41.Rb7+ Ke8 42.Kd5 a4
43.Ke6 Kd8 44.Kf7 Ra2 45.e6 Re2 46.Rb4  1-0

[Event "Oberliga Nord O9697"]
[Site "Germany"]
[Date "1997.??.??"]
[Round "?"]
[White "Klimm, Wolf Dietrich"]
[Black "Venske, Kai Gerrit"]
[Result "1/2-1/2"]
[WhiteElo "2220"]
[BlackElo "2225"]

1.Nf3 d5 2.g3 Nf6 3.Bg2 g6 4.b3 Bg7 5.Bb2 O-O 6.c4 c6 7.O-O Qb6 8.Qc2 Na6
9.a3 dxc4 10.bxc4 Nc5 11.Nc3 Qb3 12.Qxb3 Nxb3 13.Rad1 Rd8 14.d3 h6 15.Nb1 Bg4
16.h3 Bxf3 17.Bxf3 Nd7 18.Bxg7 Kxg7 19.Nc3 Nb6 20.Bg2 e5 21.f4 exf4 22.Rxf4 Nd4
23.Rf2 Nd7 24.Rb1 Rab8 25.g4 Ne6 26.Ne4 Ne5 27.a4 Ng5 28.Nxg5 hxg5 29.a5 b6
30.axb6 axb6 31.Rff1 b5 32.cxb5 cxb5 33.Rfc1 b4 34.Rc5 Kf6 35.Bd5 Ke7 36.Bb3 f6
37.Ra1 Rd7 38.Ra6 Rd6 39.Ra7+ Rd7 40.Ra6 Rd6 41.Rc7+ Nd7 42.Raa7 Rbb6 43.Kf2 Rd4
44.Ke3 Rbd6 45.Rc8 f5 46.Rh8 Kf6 47.Rh7 Ne5 48.Ra8 f4+ 49.Kf2 Rd8 50.Ra6+ R4d6
51.Rha7 Nc6 52.Rb7 Ne5 53.Rxd6+ Rxd6 54.Rxb4 f3 55.Bc2 fxe2 56.Kxe2 Nc6 57.Rb2 Nd4+
58.Ke3 Nc6 59.Bb3 Ne5 60.Rf2+ Ke7 61.d4 Rb6 62.Bd5 Nd7 63.Bc4 Rb4 64.Ba2 Ra4
65.Bb1 Ra3+ 66.Kd2 Rxh3 67.Bxg6 Rg3 68.Rf7+ Ke6 69.d5+ Kd6  1/2-1/2

[Event "BL9798 (Women)"]
[Site "Germany"]
[Date "1997.??.??"]
[Round "?.5"]
[White "Uhlendorf, Kristina"]
[Black "Glaser, Andrea"]
[Result "1-0"]
[WhiteElo "2110"]
[BlackElo "2025"]

1.Nf3 d5 2.g3 Nf6 3.Bg2 Bf5 4.d4 h6 5.c4 e6 6.O-O c6 7.Nc3 Nbd7 8.cxd5 exd5
9.Qb3 Qb6 10.Qxb6 Nxb6 11.Bf4 Be7 12.Ne5 O-O 13.Rac1 Rfe8 14.h3 Nc8 15.g4 Bh7
16.h4 Nd6 17.f3 Rad8 18.Bh3 Nd7 19.Nxd7 Rxd7 20.g5 Bf5 21.Bg2 hxg5 22.hxg5 Bd8
23.Kf2 Bc7 24.Rh1 Nc4 25.Bxc7 Rxc7 26.e4 dxe4 27.fxe4 Bg6 28.Rh4 f6 29.gxf6 gxf6
30.b3 Nb6 31.Nd5 Nxd5 32.exd5 Rec8 33.Rg4 Kf7 34.dxc6 bxc6 35.d5 Bf5 36.Rgc4 Bd3
37.Rxc6 Rxc6 38.Rxc6 Rxc6 39.dxc6 Ke6 40.Ke3 Ba6 41.a4 Kd6 42.b4 Bc8 43.Kd4 Be6
44.b5 Bf5 45.a5 Bc8 46.b6 axb6 47.axb6 Bg4 48.b7 Kc7 49.Ke3 Bd1 50.Be4 Bg4
51.Kf4 Bh3 52.Bf5 Bg2 53.Bd7 Bf1 54.Bg4 Bd3 55.Bf3 Bf1 56.Kf5 Bd3+ 57.Kxf6 Kb8
58.Ke5 Kc7 59.Kd5 Bf1 60.Kc5 Bh3 61.Be2 Bg2 62.Bb5 Bf3 63.Kb4 Kb8 64.Ka5 Ka7
65.Ba4 Be2 66.Bb3 Bf3 67.Kb5 Be2+ 68.Kc5 Ba6 69.Bd5 Bd3 70.c7  1-0

[Event "Bundesliga 9798"]
[Site "Germany"]
[Date "1997.??.??"]
[Round "?.7"]
[White "Schmitz, Joachim"]
[Black "Fuhrmann, Daniel"]
[Result "1-0"]
[WhiteElo "2310"]
[BlackElo "2295"]

1.Nf3 d5 2.g3 Nf6 3.Bg2 e6 4.O-O Be7 5.c4 O-O 6.b3 c5 7.Bb2 Nc6 8.e3 b6 9.Nc3 Bb7
10.d3 Qd7 11.Qe2 Rfd8 12.Rfd1 Rac8 13.Rac1 Qe8 14.e4 d4 15.Nb1 Nd7 16.Bh3 Bf8
17.Nh4 g6 18.f4 f5 19.Nd2 Qf7 20.Rf1 Nf6 21.e5 Nd7 22.Ndf3 Be7 23.Rf2 Nf8
24.Rcf1 Rd7 25.Bc1 Bd8 26.g4 Bxh4 27.Nxh4 fxg4 28.Qxg4 Ne7 29.f5 exf5 30.Nxf5 Nxf5
31.Rxf5  1-0

[Event "Bundesliga 9798"]
[Site "Germany"]
[Date "1997.??.??"]
[Round "?.7"]
[White "Norwood, David"]
[Black "Schmidt, Peter"]
[Result "1-0"]
[WhiteElo "2515"]
[BlackElo "2410"]

1.g3 d5 2.Nf3 c6 3.Bg2 Bg4 4.b3 Nd7 5.Bb2 Ngf6 6.O-O e6 7.d3 Bc5 8.Nbd2 O-O
9.e4 dxe4 10.dxe4 e5 11.h3 Bxf3 12.Qxf3 b5 13.Rfd1 Re8 14.Bf1 Qc7 15.c3 Bf8
16.b4 a5 17.a3 Qb6 18.g4 h6 19.h4 axb4 20.cxb4 c5 21.g5 hxg5 22.hxg5 Nh7
23.Qf5 Re6 24.Nf3 Ra7 25.Rd5 cxb4 26.axb4 Rxa1 27.Bxa1 Qc7 28.Nxe5 Nxe5 29.Bxe5 Qe7
30.f4 g6 31.Qh3 Qxb4 32.Qd3 Qe1 33.Rxb5 Qh4 34.Qf3 Re8 35.Bc4  1-0

[Event "Bundesliga 9798"]
[Site "Germany"]
[Date "1997.??.??"]
[Round "?.7"]
[White "Norwood, David"]
[Black "Loeffler, Stefan"]
[Result "1-0"]
[WhiteElo "2515"]
[BlackElo "2400"]

1.Nf3 d5 2.g3 c5 3.c4 d4 4.Ne5 Qc7 5.Qa4+ Nd7 6.Nd3 h5 7.Bg2 h4 8.b4 cxb4
9.Nxb4 Nf6 10.Na3 Rh5 11.Nb5 Qxc4 12.Na3 Qc7 13.Na6 bxa6 14.Bxa8 Bb7 15.Bxb7 Qxb7
16.O-O hxg3 17.fxg3 d3 18.e3 Rc5 19.Rb1 Qc8 20.Bb2 e5 21.Rbc1 Qb7 22.Rxc5 Bxc5
23.Bxe5 Ne4 24.Rb1 Qd5 25.Bd4 Nxd2 26.Rb8+ Ke7 27.Bxc5+ Nxc5 28.Qe8+ Kf6
29.Qd8+ Qxd8 30.Rxd8 Ke5 31.Kf2 g5 32.h4 Nde4+ 33.Kg2 Nd6 34.h5 d2 35.Rxd6 Kxd6
36.Nc4+ Ke6 37.Nxd2 g4 38.e4 Kf6 39.Kf2 Kg5 40.Ke3 Ne6 41.Nc4 Kxh5 42.Ne5 Nd8
43.Kf4 f6 44.Nd7 Ne6+ 45.Kf5 Nd4+ 46.Kxf6 Ne2 47.e5 Nxg3 48.e6 Kh6 49.e7 Nh5+
50.Kf7 Ng7 51.Nf6 g3 52.Ng4+ Kh7 53.Ne3 Kh6 54.a4 a5 55.Kf8 Kh7 56.Ng2 Ne6+
57.Kf7 Ng7 58.Nh4 Kh6 59.Kg8 Ne8 60.Nf5+ Kg5 61.Nxg3 Kf6 62.Kf8 Nc7 63.Ne4+ Ke5
64.Nc5 Kf6 65.e8=Q Nxe8 66.Kxe8 Ke5 67.Kd7 Kd5 68.Na6  1-0

[Event "Bundesliga 9798"]
[Site "Germany"]
[Date "1997.??.??"]
[Round "?.5"]
[White "Luecke, Norbert"]
[Black "Tischbierek, Raj"]
[Result "1/2-1/2"]
[WhiteElo "2375"]
[BlackElo "2515"]

1.Nf3 d5 2.g3 c6 3.Bg2 Bg4 4.d4 Nd7 5.O-O e6 6.Re1 Be7 7.c3 Ngf6 8.Nbd2 c5
9.e4 cxd4 10.e5 dxc3 11.bxc3 Ne4 12.Nxe4 dxe4 13.Rxe4 Bxf3 14.Qxf3 Qc7 15.Rf4 Nxe5
16.Qxb7 Qxb7 17.Bxb7 Rb8 18.Rb1 Bc5 19.Rb5 Bb6 20.Rxe5 Rxb7 21.Rb4 Rd7 22.Be3 Bxe3
23.Rxe3 Ke7 24.Ra4 Rb8 25.c4 Rbb7 26.c5 Rdc7 27.Rea3 f5 28.Kg2 Kf6 29.c6 Rxc6
30.Rxa7 Rb2 31.Rf3 Rcc2 32.a4 g5 33.Ra6 g4 34.Re3 Rxf2+ 35.Kg1 Rg2+ 36.Kf1 Rxh2
37.Raxe6+ Kg5 38.Kg1 Rbg2+ 39.Kf1 Ra2 40.Kg1 Rhg2+ 41.Kf1 Rgf2+ 42.Kg1 Rfc2
43.Re7 Rc1+ 44.Re1 Rxe1+ 45.Rxe1 Rxa4 46.Re2 h5 47.Re8 f4 48.Rg8+ Kh6 49.gxf4 Rxf4
50.Kg2 Ra4 51.Kg3 Ra3+ 52.Kg2 Ra6 53.Kg3 Ra2 54.Kh4 Rh2+ 55.Kg3 Rh3+ 56.Kg2 Rf3
57.Kh2 Rf5 58.Kg3 Kh7 59.Ra8 Kg6 60.Kh4 Kf6 61.Re8 Re5 62.Rh8 Ke6 63.Ra8 Kd5
64.Ra4 Rf5 65.Rb4 Ke5 66.Ra4 Rf3 67.Kxh5 g3 68.Rg4 Kf5 69.Rg5+ Kf4 70.Kh4  1/2-1/2

[Event "Bundesliga 9697"]
[Site "Germany"]
[Date "1997.??.??"]
[Round "?.7"]
[White "Hennig, Dirk"]
[Black "Backwinkel, Paul"]
[Result "1/2-1/2"]
[WhiteElo "2445"]
[BlackElo "2400"]

1.Nf3 d5 2.g3 c6 3.b3 Bf5 4.Bb2 e6 5.Bg2 h6 6.O-O Nf6 7.d3 Be7 8.Nbd2 O-O
9.e3 a5 10.a3 Na6 11.Qe2 Bh7 12.Ne5 Nd7 13.f4 Nxe5 14.fxe5 a4 15.b4 c5 16.bxc5 Bxc5
17.Nf3 Rc8  1/2-1/2

[Event "BL2-N9697"]
[Site "Germany"]
[Date "1997.??.??"]
[Round "?.1"]
[White "Wilhelmi, Christian"]
[Black "Rabiega, Robert"]
[Result "0-1"]
[WhiteElo "2400"]
[BlackElo "2480"]

1.Nf3 d5 2.g3 Bg4 3.Bg2 Nd7 4.c4 e6 5.Nc3 c6 6.cxd5 exd5 7.d3 Bd6 8.O-O Ne7
9.Qa4 Bh5 10.Qh4 Bg6 11.Bf4 Nc5 12.Bxd6 Qxd6 13.Qb4 a5 14.Qa3 b5 15.d4 Ne4
16.Qxd6 Nxd6 17.Rac1 O-O 18.Ne5 Bf5 19.Nxc6 Nxc6 20.Nxd5 Nxd4 21.Ne7+ Kh8
22.Bxa8 Nxe2+ 23.Kg2 Nxc1 24.Rxc1 Rxa8 25.Rd1 Be4+  0-1

[Event "BL2-N9697"]
[Site "Germany"]
[Date "1997.??.??"]
[Round "?.2"]
[White "Von Herman, Ulf"]
[Black "Gisbrecht, Ewgeni"]
[Result "1-0"]
[WhiteElo "2410"]
[BlackElo "2405"]

1.Nf3 d5 2.g3 c6 3.Bg2 Bg4 4.O-O Nf6 5.d4 e6 6.Nbd2 Nbd7 7.Re1 Be7 8.e4 dxe4
9.Nxe4 O-O 10.c3 e5 11.dxe5 Bxf3 12.Qxf3 Nxe5 13.Qf5 Ng6 14.h4 Qc8 15.Qxc8 Raxc8
16.Be3 b6 17.Nxf6+ Bxf6 18.Rad1 Ne5 19.Bd4 Rfd8 20.Bxe5 Rxd1 21.Rxd1 Bxe5
22.Rd7 a5 23.Bxc6 Kf8 24.Be4 Rc7 25.Rd8+ Ke7 26.Rd5 Rc5 27.Rxc5 bxc5 28.Bxh7 g6
29.h5 gxh5 30.Kf1 Bg7 31.Ke2 Bh6 32.Kd3 Bc1 33.Kc2 Bg5 34.f4 Bh6 35.Kb3 h4
36.gxh4 Bxf4 37.Ka4 Bc1 38.b3 Bd2 39.Kxa5 Bxc3+ 40.Kb5 Kd6 41.a4 Bd4 42.Bd3 Be3
43.Bc4 f5 44.Kb6 Kd7 45.a5 Kc8 46.a6  1-0

[Event "BL2-S9697"]
[Site "Germany"]
[Date "1997.??.??"]
[Round "?.2"]
[White "Roos, Daniel"]
[Black "Fahnenschmidt, Gerhard"]
[Result "0-1"]
[WhiteElo "2415"]
[BlackElo "2385"]

1.Nf3 d5 2.g3 c6 3.Bg2 Bg4 4.c4 e6 5.O-O Nd7 6.cxd5 exd5 7.Qb3 Qb6 8.Qc2 Ngf6
9.d3 Bd6 10.Nc3 O-O 11.Be3 Qc7 12.Rac1 a6 13.Bd4 Rfe8 14.e4 dxe4 15.dxe4 Bh5
16.Rfe1 Rad8 17.h3 Bc5 18.Bxc5 Nxc5 19.Re3 Bxf3 20.Bxf3 Ne6 21.Bg2 Nd4 22.Qb1 h5
23.Rce1 h4 24.e5 hxg3 25.fxg3 Nd7 26.e6 Rxe6 27.Rxe6 Nxe6 28.Kh2 Nf6 29.Qf5 Rd2
30.b3 Nd4 31.Qf1 Qa5 32.Re3 Qh5 33.Qf4 Qh6 34.Qxh6 gxh6 35.Kg1 a5 36.Kf1 b5
37.Ne2 Nc2 38.Rc3 Nd5 39.Bxd5 cxd5 40.Rc5 Kg7 41.Nf4 Ne3+ 42.Ke1 Rxa2 43.Rxb5 d4
44.h4 Kf6 45.Nd5+ Ke6 46.Nxe3 dxe3 47.Rh5 f5 48.Rxh6+ Ke5 49.h5 Ke4 50.Rf6 f4
51.Rxf4+ Kd3 52.Ra4 Rh2 53.Kf1 e2+ 54.Kg1 Rxh5 55.Ra1 Ke3  0-1

[Event "BL2-S9697"]
[Site "Germany"]
[Date "1997.??.??"]
[Round "?.3"]
[White "Roos, Daniel"]
[Black "Beikert, Guenther"]
[Result "1/2-1/2"]
[WhiteElo "2415"]
[BlackElo "2435"]

1.Nf3 d5 2.g3 Bg4 3.Bg2 Nd7 4.c4 e6 5.b3 c6 6.Bb2 Ngf6 7.O-O Bd6 8.d3 O-O
9.h3 Bxf3 10.Bxf3 h5 11.e4 dxe4 12.dxe4 Qc7 13.Bg2 e5 14.Na3 Rfe8 15.Nc2 Nf8
16.Qf3 h4 17.Qf5 Qe7 18.Rad1 Rad8 19.Kh2 g6 20.Qg5 Nh5 21.Qxe7 Bxe7 22.Bxe5 Rxd1
23.Rxd1 Bc5 24.Bd4 Bd6 25.Bxa7 hxg3+ 26.Kg1 Bf4 27.Be3 Bxe3 28.Nxe3 gxf2+
29.Kxf2 Kg7 30.a4 Nf6 31.b4 Nxe4+ 32.Bxe4 Rxe4 33.a5 f5 34.Kf3 Kf6 35.b5 cxb5
36.cxb5 Ne6 37.Nd5+ Ke5 38.Nc3 Ng5+ 39.Kg2 Rc4 40.Rd3 Ne4 41.Nxe4 Kxe4 42.Ra3 Rc2+
43.Kf1 Kf4 44.a6 bxa6 45.bxa6 Rc8 46.a7 Ra8 47.Kf2 Kg5 48.Ke3 Kh4 49.Kf4 Kh5
50.Ra6 Kh6 51.Ra4 Kh5 52.Kg3 Kg5 53.Ra1 Kh5 54.Kf4 Kh4 55.Ra3 Kh5 56.Ke5 Kh4
57.Kf4  1/2-1/2

[Event "Landesliga Sued 9697 Bayern"]
[Site "Germany"]
[Date "1997.??.??"]
[Round "?"]
[White "Wild, Rudolf"]
[Black "Hartl, Aldo"]
[Result "1/2-1/2"]
[WhiteElo "2145"]
[BlackElo "2100"]

1.Nf3 d5 2.g3 Nf6 3.Bg2 c6 4.d4 g6 5.O-O Bg7 6.c4 O-O 7.Qb3 a5 8.Nc3 a4 9.Nxa4 dxc4
10.Qd1 Qa5 11.Nc3 Rd8 12.e4 b5 13.e5 Nd5 14.Ne4 b4 15.Bd2 Qb6 16.Qc1 Ba6
17.Re1 Nd7 18.e6 f5 19.exd7 fxe4 20.Rxe4 Rxd7 21.Bh3 Rda7 22.Be6+ Kh8 23.Bh6 c3
24.Ng5 Bxd4 25.Nf7+ Kg8 26.Ne5+ Kh8 27.Nf7+ Kg8 28.bxc3 Nxc3 29.Qe1 Bxf2+
30.Kh1 Bxe1  1/2-1/2

[Event "Landesliga Sued 9697 Bayern"]
[Site "Germany"]
[Date "1997.??.??"]
[Round "?"]
[White "Wehr, Stephan"]
[Black "Scheckenbach, Franz"]
[Result "1-0"]
[WhiteElo "2180"]
[BlackElo "2170"]

1.Nf3 d5 2.g3 Nf6 3.Bg2 e6 4.O-O Be7 5.d3 b6 6.Nbd2 Bb7 7.e4 dxe4 8.Ng5 O-O
9.Ngxe4 Qc8 10.Nxf6+ Bxf6 11.Ne4 Be7 12.h4 Nd7 13.Bg5 f6 14.Bd2 f5 15.Ng5 Bxg2
16.Kxg2 Bxg5 17.hxg5 Ne5 18.Bc3 Qb7+ 19.f3 Ng6 20.Rh1 Qd5 21.Rh5 f4 22.g4 Kf7
23.Qe2 Rh8 24.Rah1 Qxa2 25.b3 Qa3 26.Rxh7 Rxh7 27.Rxh7 Rg8 28.Be5 Qe7 29.Rh5 Qc5
30.d4 Qc6 31.Qd2 Ke8 32.c4 Nxe5 33.dxe5 Rf8 34.Rh7 Qd7 35.Qxd7+ Kxd7 36.Rxg7+ Kc6
37.g6 a5 38.Rf7 Rg8 39.g7 Kc5 40.Rxc7+ Kb4 41.Kh3 Kxb3 42.Kh4 a4 43.Ra7 Kxc4
44.Kg5 Kd4 45.Rxa4+ Kxe5 46.Kg6  1-0

[Event "Landesliga Sued 9697 Bayern"]
[Site "Germany"]
[Date "1997.??.??"]
[Round "?"]
[White "Kaiser, Wolfgang"]
[Black "Zach, Andreas"]
[Result "1-0"]
[WhiteElo "2375"]
[BlackElo "2210"]

1.Nf3 d5 2.g3 c6 3.Bg2 Nf6 4.d3 h6 5.b3 Bf5 6.Bb2 e6 7.Nbd2 a5 8.a3 Bc5 9.O-O O-O
10.c4 Nbd7 11.Ra2 Re8 12.Qa1 Qb6 13.h3 Rad8 14.Bc3 Bf8 15.b4 a4 16.Qd1 Qa7
17.cxd5 exd5 18.Nd4 Bh7 19.N2f3 Rc8 20.Qa1 b6 21.b5 c5 22.Nc6 Qc7 23.Rc1 d4
24.Bd2 Qd6 25.Rac2 Ra8 26.Bf4 Qe6 27.Nfxd4 cxd4 28.Nxd4 Qe7 29.Bxa8 Rxa8
30.Rc8 Rxc8 31.Rxc8 Nc5 32.Qa2 g5 33.Rc7 Ncd7 34.Nc6 Qxa3 35.Qxa3 Bxa3 36.Be3 Bd6
37.Ra7 a3 38.Bc1 Bf5 39.g4 Be6 40.Bxa3 Bc5 41.Bb2 h5 42.e4 hxg4 43.d4 Nxe4
44.dxc5 f5 45.cxb6 Nxb6 46.Ne7+  1-0

[Event "Landesliga Sued 9697 Bayern"]
[Site "Germany"]
[Date "1997.??.??"]
[Round "?"]
[White "Herb, Stefan"]
[Black "Nurbekoglu, Michael"]
[Result "1-0"]
[WhiteElo "2120"]
[BlackElo "2120"]

1.Nf3 d5 2.g3 g6 3.Bg2 Bg7 4.O-O e5 5.d3 Ne7 6.c4 O-O 7.cxd5 Nxd5 8.Qb3 c6
9.Nc3 Na6 10.Bg5 Qa5 11.Nd2 Nc5 12.Qc2 Ne6 13.Nc4 Qc7 14.Bd2 Nd4 15.Qd1 Be6
16.e3 Nf5 17.Ne4 Nfe7 18.Nc5 Bc8 19.e4 Nf6 20.f4 exf4 21.Bxf4 Qd8 22.Kh1 b6
23.Nb3 Bg4 24.Qd2 Nh5 25.Bg5 Qd7 26.d4 f6 27.Be3 Bh3 28.Rad1 Bxg2+ 29.Qxg2 f5
30.exf5 Nxf5 31.Bg1 Ne7 32.Ne5 Qd5 33.Qxd5+ cxd5 34.Rxf8+ Rxf8 35.Rc1 Rc8
36.Rxc8+ Nxc8 37.Nc6 Bh6 38.Kg2 Nf6 39.Kf3 a5 40.h3 a4 41.Na1 Nd6 42.b3 b5
43.bxa4 bxa4 44.Nc2 Nc4 45.g4 Kf7 46.Bh2 Ke6 47.N2b4 Bf8 48.Nd3 g5 49.Nc5+ Bxc5
50.dxc5 Ne4 51.Nd4+ Kd7 52.c6+ Kc8 53.Nb5 Nb6 54.Ke3 Nc5 55.Kd4 Ne4 56.Nd6+  1-0

[Event "Landesliga Sued 9697 Bayern"]
[Site "Germany"]
[Date "1997.??.??"]
[Round "?"]
[White "Hackenberg, Andreas"]
[Black "Haller, Christoph"]
[Result "1-0"]
[WhiteElo "2120"]
[BlackElo "2125"]

1.Nf3 d5 2.g3 Bg4 3.Bg2 c6 4.O-O e6 5.c4 Nd7 6.d3 f5 7.cxd5 exd5 8.Nc3 Bc5
9.e4 d4 10.Ne2 Bxf3 11.Bxf3 Qf6 12.exf5 Qxf5 13.Nf4 Ne5 14.Bg2 Ne7 15.Bh3 Qf7
16.Be6 Qf6 17.Nh5 Qg6 18.f4 Kd8 19.f5 Qg4 20.Qxg4 Nxg4 21.Nxg7 Ne3 22.Rf4 Bb6
23.Bxe3 dxe3 24.Kf1 Ba5 25.Rd4+ Nd5 26.Bxd5 Bb6 27.Be4+ Bxd4 28.Ne6+ Ke7
29.Nxd4 Rad8 30.Nc2 Rd6 31.Nxe3 b5 32.Rc1 Rc8 33.Rc5  1-0

[Event "Landesliga Sued 9697 Bayern"]
[Site "Germany"]
[Date "1997.??.??"]
[Round "?"]
[White "Egger, Thomas"]
[Black "Kuenzner, Franz"]
[Result "1/2-1/2"]
[WhiteElo "2280"]
[BlackElo "2320"]

1.Nf3 d5 2.g3 c6 3.Bg2 Bg4 4.O-O Nd7 5.d4 e6 6.c4 Bxf3 7.Bxf3 f5 8.Nc3 Ngf6
9.b3 Be7 10.Qc2 O-O 11.Bg2 Ne8 12.e3 Nd6 13.Ne2 g5 14.f3 Qe8 15.Bb2 Nf6 16.Rae1 Qg6
17.Nc1 g4 18.Nd3 gxf3 19.Bxf3 Nde4 20.Ne5 Qg7 21.Re2 Bd6 22.Rg2 Ng5 23.Be2 Ng4
24.Nxg4 Nh3+ 25.Kh1 fxg4 26.Rf4 Rf6 27.Bxg4 Nxf4 28.gxf4 Kh8 29.Bxe6 Qe7
30.f5 Rxe6 31.fxe6 Qxe6 32.e4 Rf8 33.e5 Rf1+ 34.Rg1 Rxg1+ 35.Kxg1 Qg4+ 36.Kf1 Qf3+
37.Qf2 Qd1+ 38.Qe1 Qf3+  1/2-1/2

[Event "Landesliga Nord 9697 Bayern"]
[Site "Germany"]
[Date "1997.??.??"]
[Round "?"]
[White "Strube, Frank"]
[Black "Arnold, Johannes"]
[Result "1-0"]
[WhiteElo "2200"]
[BlackElo "1920"]

1.Nf3 d5 2.g3 c6 3.Bg2 g6 4.O-O Bg7 5.d4 Nf6 6.a4 O-O 7.c4 a5 8.cxd5 Nxd5
9.Nc3 Nd7 10.Nxd5 cxd5 11.Qb3 e6 12.Bf4 Nb6 13.Rac1 Nc4 14.Qc2 b6 15.b3 Nd6
16.Qc6 Ne8 17.Qxa8  1-0

[Event "Landesliga Nord 9697 Bayern"]
[Site "Germany"]
[Date "1997.??.??"]
[Round "?"]
[White "Spitzl, Bertram"]
[Black "Albert, Marion"]
[Result "1-0"]
[WhiteElo "2105"]
[BlackElo "1945"]

1.Nf3 d5 2.g3 Bg4 3.Ne5 Bh5 4.d4 f6 5.Nd3 Nd7 6.Bg2 c6 7.b3 e5 8.O-O Bd6
9.Ba3 Bxa3 10.Nxa3 Ne7 11.c4 O-O 12.Qd2 Qb6 13.dxe5 fxe5 14.cxd5 cxd5 15.Qg5 Nf6
16.Qxe5 Rfe8 17.Qb2 Qa6 18.Nf4 Bg4 19.h3 Bf5 20.Rfd1 Rad8 21.Nc2 g5 22.Nd3 Be4
23.Nd4 Ng6 24.Nc5 Qb6 25.Rac1 Bxg2 26.Kxg2 Ne4 27.Nxe4 dxe4 28.Nf5 Ne5 29.Rxd8 Qxd8
30.Nh6+ Kg7 31.Ng4 Qd5 32.Rc7+ Kg6 33.Ne3 Qb5 34.Nc4 Qd5 35.Qd2 Qxd2 36.Nxd2 e3
37.fxe3 Rd8 38.Nc4 Nxc4 39.bxc4 Rd2 40.Kf3 Rxa2 41.Rxb7 Rc2 42.Rb4 h5 43.Ra4 Kf6
44.Ke4 Rxe2 45.Ra6+ Ke7 46.Rxa7+ Kd6 47.Ra5 Rh2 48.Rxg5 Rxh3 49.Kf4 h4 50.g4 Rh1
51.Rh5 Rf1+ 52.Ke4 Rh1 53.Kf3 h3 54.Kg3 Rg1+ 55.Kxh3 Re1 56.Rd5+ Ke6 57.Rd3 Rc1
58.Rd4 Rc3 59.Re4+ Kf6 60.Kg3 Kg5 61.Kf3 Rc2 62.Rd4 Rc3 63.Rd5+ Kf6 64.c5 Ke6
65.Rf5 Rc4 66.e4 Rc1 67.g5 Rg1 68.c6 Kd6 69.Rf6+ Kc7 70.Kf4 Rf1+ 71.Ke5 Rg1
72.g6 Rg5+ 73.Ke6  1-0

[Event "BL2-W9697"]
[Site "Germany"]
[Date "1997.??.??"]
[Round "?.6"]
[White "Meyer, Peter"]
[Black "Neidhardt, Claus Ulrich"]
[Result "1/2-1/2"]
[WhiteElo "2330"]
[BlackElo "2415"]

1.Nf3 d5 2.g3 Bg4 3.Bg2 Nd7 4.O-O e6 5.d4 Bd6 6.Nbd2 Ngf6 7.c4 c6 8.h3 Bh5
9.Qe1 O-O 10.e4 dxe4 11.Nxe4 Nxe4 12.Qxe4 Re8 13.Bf4 Qc7 14.Bxd6 Qxd6 15.Rfe1 Rad8
16.g4 Bg6 17.Qe3 Nf6  1/2-1/2

[Event "Bundesliga 9697"]
[Site "Germany"]
[Date "1997.??.??"]
[Round "?.8"]
[White "Meyer, Claus Dieter"]
[Black "Sehner, Norbert"]
[Result "1-0"]
[WhiteElo "2320"]
[BlackElo "2390"]

1.Nf3 d5 2.g3 c6 3.Bg2 Bg4 4.d3 Nd7 5.Nbd2 e6 6.e4 Ngf6 7.h3 dxe4 8.dxe4 Bxf3
9.Qxf3 Bc5 10.Qe2 e5 11.O-O O-O 12.a4 Qc7 13.Nb3 Be7 14.Be3 Rfe8 15.Rfd1 Nf8
16.a5 Ne6 17.Qc4 Nd7 18.h4 b5 19.axb6 axb6 20.Bh3 Ndf8 21.Ra6 Rxa6 22.Qxa6 Rd8
23.Rxd8 Bxd8 24.c3 Qd6 25.Bg4 Nf4 26.Nd2 b5 27.Qc8 h5 28.Bf3 Nd3 29.b4 g6
30.Nb3 Ne6 31.Na5 c5 32.Nb7 Qc7 33.Qxc7 Bxc7 34.bxc5 Nb2 35.Nd6 Bxd6 36.cxd6 Nc4
37.d7 Nxe3 38.fxe3 Kf8 39.Be2 Ke7 40.Bxb5 Nc7 41.Bc4 f6 42.Bf7 Nb5 43.Bxg6 Kxd7
44.Kf2 Nxc3 45.Kf3 Ke7 46.Bxh5 Kf8 47.Bg6 Kg7 48.Bf5 Kh6 49.g4 Kg7 50.Kf2 Kf7
51.Ke1 Na4 52.Kd2 Nc5 53.Kc3 Na4+ 54.Kb3 Nc5+ 55.Kc4 Na4 56.g5 Nb2+ 57.Kd5 Nd1
58.g6+ Kg7 59.Ke6 Nxe3 60.h5 Nf1 61.h6+ Kxh6 62.Kf7  1-0

[Event "BL2-S9798"]
[Site "Germany"]
[Date "1997.??.??"]
[Round "?.7"]
[White "Schreiner, Richard"]
[Black "Thanner, Hans Peter"]
[Result "1-0"]
[WhiteElo "2205"]
[BlackElo "2140"]

1.Nf3 d5 2.g3 Nf6 3.Bg2 e6 4.d3 c5 5.Nbd2 Nc6 6.O-O Be7 7.e4 O-O 8.Re1 dxe4
9.dxe4 e5 10.h3 Qc7 11.b3 Rd8 12.Qe2 Nd4 13.Qd1 h6 14.c3 Nxf3+ 15.Qxf3 a5
16.a4 Be6 17.Bf1 Rd6 18.Nc4 Rd7 19.Rb1 Nh7 20.Kh2 Bg5 21.Bxg5 Nxg5 22.Qe3 Rad8
23.Rb2 Rd1 24.Rxd1 Rxd1 25.Bg2 Bxc4 26.bxc4 Ra1 27.Qd3 Rxa4 28.Qb1 Qd6 29.h4 Ne6
30.Rxb7 Qd2 31.Qb5 Qxf2 32.Qe8+ Nf8 33.Qxa4 Ng6 34.Qe8+ Kh7 35.Qxf7  1-0

[Event "Bundesliga 9697"]
[Site "Germany"]
[Date "1997.??.??"]
[Round "?.8"]
[White "Brunner, Lucas"]
[Black "Fuhrmann, Daniel"]
[Result "0-1"]
[WhiteElo "2500"]
[BlackElo "2280"]

1.Nf3 d5 2.g3 Nf6 3.Bg2 e6 4.O-O Be7 5.c4 O-O 6.d4 dxc4 7.Qc2 a6 8.a4 c5
9.dxc5 Bxc5 10.Nbd2 Qe7 11.Nxc4 Nc6 12.Nfe5 Nb4 13.Qb3 Nfd5 14.Bd2 f6 15.Nf3 Rb8
16.Rfc1 b5 17.axb5 Rxb5 18.Na3 Rb8 19.e4 Nc7 20.Bf4 Bd6 21.Bxd6 Qxd6 22.Rc3 Nb5
23.Rd1 Qe7 24.Nxb5 Rxb5 25.Nd4 Rb6 26.Nf5 Qa7 27.Nd6 Bd7 28.Qc4 Nc6 29.Rd2 Qb8
30.Nf5 Ne5 31.Qa2 Kh8 32.Ne3 Bb5 33.h3 Rd6 34.Rdc2 Rfd8 35.Kh2 Nd3 36.Qa1 Nb4
37.Rc1 Rd2 38.Qa5 Rxb2 39.Qa3 Nd3 40.Rd1 Rxf2 41.Qb3 Ne5 42.Rxd8+ Qxd8 43.Qxe6 Nf3+
44.Kh1 Rxg2  0-1

[Event "Bundesliga 9697"]
[Site "Germany"]
[Date "1997.??.??"]
[Round "?.7"]
[White "Wilhelmi, Christian"]
[Black "Hedke, Fred"]
[Result "1-0"]
[WhiteElo "2400"]
[BlackElo "2355"]

1.Nf3 d5 2.g3 Nf6 3.Bg2 e6 4.O-O g6 5.d4 Bg7 6.Bf4 O-O 7.Nc3 c6 8.Qd2 Nbd7
9.Ne5 Ne8 10.Nxd7 Bxd7 11.e4 f6 12.h4 Bc8 13.Rfe1 Nd6 14.Rad1 Kh8 15.b3 Nf7
16.exd5 exd5 17.Na4 Bg4 18.Rc1 g5 19.hxg5 fxg5 20.Be3 h6 21.f3 Bf5 22.g4 Bc8
23.c4 dxc4 24.bxc4 b6 25.Bf2 Ne5 26.Qe3 Ng6 27.Nc3 Nf4 28.Bf1 Be6 29.Ne2 Nxe2+
30.Bxe2 Bg8 31.Bd3 Qf6 32.Be4 Rad8 33.Kg2 Bh7 34.Qd3 Bg8 35.Rcd1 Qd6 36.Rh1 Qf6
37.Bg3 Qe6 38.d5 Qf6 39.Rd2 Rfe8 40.Bf2 cxd5 41.cxd5 Rd6 42.Bg3 Rdd8 43.d6 Be6
44.Rc1 Bd7 45.Rc7 Rf8 46.Rxa7 h5 47.gxh5 Qe6 48.h6 Qh3+ 49.Kf2 Bxh6 50.Be5+ Bg7
51.Qd4 Qh4+ 52.Kg1 Qe1+ 53.Kg2 Rf7 54.Bxg7+ Rxg7 55.Rd1 Qe2+ 56.Kg3  1-0